=LDR 00000nam 2200000 4500 =001 NUTBA000000000003282 =005 20140813090346.0 =006 =007 =008 =020 ##$$a 978-602-8608-66-4 =035 ##$$a 0010-081400000000127 =040 ##$$a NBPDMAT =082 ##$$a 372.7 =090 ##$$a 372.7 $b And m =100 ##$$a Andrew King =245 ##$$a Mengenal bangun dan belajar pecahan / $c Andrew King ; alih bahasa , Didik Djunaedi ; editor , Titiek Tri Indraningsih =260 ##$$a Jakarta : $b Gading Inti Prima, $c 2010 =300 ##$$a 59 hlm. : $b ilus. ; $c 25 cm. =650 ##$$a Matematika TK-Bangun dan Pecahan =700 ##$$a Didik Djunaedi =850 ##$$a NBPDMAT =990 ##$$a 21404897